Туроперейтинг: организация деятельности: учебник для вузов

Chi tiết về thư mục
Tác giả chính: Ильина Е. Н. Елена Николаевна
Ngôn ngữ:Tiếng Nga
Được phát hành: Москва, Финансы и статистика, 2001
Những chủ đề:
Định dạng: Sách
KOHA link:https://koha.lib.tpu.ru/cgi-bin/koha/opac-detail.pl?biblionumber=27230

MARC

LEADER 00000nam0a2200000 4500
001 27230
005 20231101205759.0
010 |a 5279022624 
035 |a (RuTPU)RU\TPU\book\27479 
035 |a BOOK00000026 
090 |a 27230 
100 |a 20011209d2001 m y0rusy50 ca 
101 0 |a rus 
102 |a RU 
105 |a a j 001zy 
200 1 |a Туроперейтинг: организация деятельности  |e учебник для вузов  |f Е. Н. Ильина 
210 |a Москва  |c Финансы и статистика  |d 2001 
215 |a 256 с.  |c ил. 
320 |a Библиогр.: с. 248-249. 
451 1 |0 (RuTPU)RU\TPU\book\120880  |y 5-279-02262-4  |t Туроперейтинг: организация деятельности  |o учебник для вузов  |f Е. Н. Ильина  |g Российская международная академия туризма  |c М.  |n Финансы и статистика  |d 2007  |p 256 с.  |a Ильина, Елена Николаевна 
606 1 |a Туризм  |x Экономика  |2 stltpush  |3 (RuTPU)RU\TPU\subj\53770  |9 71935 
610 1 |a туризм 
610 1 |a экономика 
610 1 |a туристский бизнес 
610 1 |a туроперейтинг 
610 1 |a туристы 
610 1 |a обслуживание 
610 1 |a учебники 
686 |a У9(2)43я73  |v LBC/SL-A  |2 rubbk 
700 1 |a Ильина  |b Е. Н.  |g Елена Николаевна 
801 0 |a RU  |b 63413507  |c 20011209  |g PSBO 
801 2 |a RU  |b 63413507  |c 20170220  |g PSBO 
900 |a Выставочная работа 
942 |c BK